La crisis económica modifica el mapa de la extrema riqueza

Bewaard in:
Bibliografische gegevens
Hoofdauteur: Fazio Rigazzi, Hugo (Auteur)
Formaat: Boek
Taal:Spaans
Gepubliceerd in: Santiago Centro de Estudios Nacionales de Desarrollo Alternativo 2010
Onderwerpen:
Tags: Voeg label toe
Geen labels, Wees de eerste die dit record labelt!

MARC

LEADER 00000nam a2200000 a 4500
001 UCG2682
003 CL-VaPUC
008 100715e20100400CL |||||||||||||||||spa|d
020 |a 9789568173029 
082 0 4 |a 338.983  |b FAZ  |2 21 
100 0 |a Fazio Rigazzi, Hugo  |e author  |9 551213 
245 1 3 |a La crisis económica modifica el mapa de la extrema riqueza 
300 |a 306 p 
942 |c BK 
945 |d 20100715 00:00:00  |a mfarfan 
260 |a Santiago  |b Centro de Estudios Nacionales de Desarrollo Alternativo  |c 2010 
650 0 |a Política económica   |9 255029 
650 0 |a Riqueza  |9 256853 
650 7 |a PODER ECONOMICO  |2 CL-VaPUC  |9 338221 
651 7 |a CHILE  |2 CL-VaPUC  |9 551214 
583 |a last modification  |c 20120404 10:36:16  |k Rodrigo Vera 
999 |c 341812  |d 341810 
952 |0 0  |1 0  |4 0  |6 338_983000000000000_FAZ_2010  |7 0  |8 A  |9 437573  |a BIBHIS  |b BIBHIS  |d 2019-11-22  |i 4695933  |o 338.983 FAZ 2010  |p 4695933  |r 2025-01-20  |w 2019-11-22  |y BK  |k HIS